000 01297nam a2200349 c 4500
001 15452
003 ES-MaCES
005 20200226040008.0
008 030811s2002 sp t 100 | spa d
035 _aCES20030011552m
040 _aES-MaCES
_bspa
_cES-MaCES
111 2 _aCumbre Sindical Unión Europea, América Latina y Caribe
_n
_d2002
_cMadrid
_9829
245 1 0 _aI Cumbre Sindical Unión Europea, América Latina y Caribe, Madrid 16 y 17 de abril de 2002
_c[organizaciones convocantes, CIOSL ... et al. ; organizaciones anfitrionas, CC.OO. ... et al.]
260 _aMadrid
_b[s.n.]
_c2002
300 _a1 carpeta (doc. var.)
_c32 cm
500 _aTít. tomado de la cub. de la carpeta
541 _cGratuito
650 4 _asindicalismo
_929453
650 4 _apapel del sindicato
_930660
650 4 _aglobalización económica
_930653
650 4 _aAmérica Latina
_926882
650 4 _aCaribe
_926861
650 4 _aconferencia
_927013
653 1 0 _aRelaciones laborales-Empleo
650 4 _928377
_asindicato
650 4 _926752
_aUE
710 2 _aConfederación Internacional de Organizaciones Sindicales Libres
_92275
710 2 _aComisiones Obreras
_92105
902 _aDOC Literatura gris
942 _2CES
_cBK
_h2.0.
999 _c15452
_d15452